000 01413nam a2200289Ia 4500
999 _c54855
_d54855
001 21924
003 GE_BSU
005 20220810133616.0
008 181216s ||||ge |||||||||||||| ||geo||
020 _a9789994068487
040 _cGE_BSU
080 _a81'374.822=353.1=134.2 ნ-63
100 _aნიკოლაიშვილი, ეკატერინე
_914521
245 _aქართულ-ესპანური ლექსიკონი = Diccionario Georgiano-Espanol :
_b20000 სიტყვა /
_cეკატერინე ნიკოლაიშვილი ; რედ. : ანა ორდონესი, ლიდია კოლმენარესი, ჯენეტ ლუისი.
250 _a1-ლი გამოცემა
264 _aთბილისი
_b[გ.გ.],
_c2007.
300 _a567 გვ. ;
_c20 სმ.
541 _h25ლ.
653 _aლექსიკონი
653 _aქართულ-ესპანური ლექსიკონი
653 _aDiccionario Georgiano-Espanol
653 _a20000 სიტყვა
700 _aორდონესი, ანა
_eრედაქტორი
_914522
700 _aკოლმენარესი, ლიდია
_eრედაქტორი
_914523
700 _aლუისი, ჯენეტ
_eრედაქტორი
_914524
942 _cBK
_2udc